Introducción a la administración pública / Pedro Muñoz Amato
Descripción Física:
260 p. ; 23 cm
Colección:
Sección de obras de economía
Materias:
Administració pública
MARC
| LEADER | 00000nam a2200000Ia 4500 | ||
|---|---|---|---|
| 001 | 13834 | ||
| 008 | 160829s1963 xx 000 0 cat d | ||
| 080 | |a M-4-46 | ||
| 100 | |a Muñoz Amato, Pedro |9 25179 | ||
| 245 | |a Introducción a la administración pública / Pedro Muñoz Amato | ||
| 250 | |a 3a ed. | ||
| 260 | |a México ; Buenos Aires : |b Fondo de Cultura Económica, |c 1963 | ||
| 300 | |a 260 p. ; |c 23 cm | ||
| 490 | |a Sección de obras de economía | ||
| 590 | |a Notes, bibliografia, referències bibliogràfiques | ||
| 650 | 0 | |a Administració pública |9 23819 | |
| 866 | |a vbcrlfV. 1: Teoría general, planificación, presupuestos | ||
| 901 | |a Arxiu | ||
| 942 | |n 1 | ||
| 952 | |0 0 |1 0 |4 0 |6 M446 |7 1 |9 43486 |a Arxiu |b Arxiu |d 2016-12-01 |l 0 |o M-4-46 |p 13834 |r 2016-12-01 00:00:00 |w 2016-12-01 |y ARXIU | ||
| 999 | |c 46032 |d 46032 | ||